Statistics for Countries Closest to Null Island (0ºN 0ºE) - Radial Map Quiz

Click here to take the quiz!

General Stats

  • This quiz has been taken 369 times
  • The average score is 16 of 19

Answers on the Map

Answers color-coded by a green-red scale on the quiz's map according to % correct below.
 

Answer Stats

Answer% Correct
Mali
88%
São Tomé and Príncipe
88%
Burkina Faso
87%
Benin
86%
Ghana
85%
Guinea
85%
Liberia
85%
Niger
85%
Nigeria
85%
Central African Republic
84%
Equatorial Guinea
84%
Cameroon
83%
Democratic Republic of the Congo
83%
Angola
82%
Côte d'Ivoire
82%
Gabon
82%
Sierra Leone
82%
Republic of the Congo
81%
Togo
81%

Score Distribution

Percentile by Number Answered

Percent of People with Each Score

Your Score History

You have not taken this quiz